[Event "exe Slovakia Open 2025"]
[Site "Bratislava SVK"]
[Date "2025.09.17"]
[Round "5.50"]
[White "Mandak, Miroslav"]
[Black "Kebbedies, Frank"]
[Result "0-1"]
[WhiteElo "1947"]
[BlackElo "1823"]
[WhiteFideId "14902990"]
[BlackFideId "24606944"]
[EventDate "2025.09.13"]

1. d4 Nf6 2. Nf3 c5 3. d5 d6 4. c4 e6 5. Nc3 exd5 6. cxd5 g6 7. e4 Bg7 8. Bd3
O-O 9. O-O Re8 10. Re1 Bg4 11. h3 Bxf3 12. Qxf3 Nbd7 13. Bf4 Ne5 14. Qd1 Nfd7
15. Bf1 a6 16. a4 Rc8 17. Be3 Nb6 18. Qc2 Rf8 19. Qb3 Rb8 20. a5 Na8 21. Qc2 Nc7
22. Be2 b5 23. axb6 Rxb6 24. Ra2 Qc8 25. f4 Nd7 26. Bg4 h5 27. Bf3 Re8 28. Bf2
Rb4 29. g4 h4 30. Bxh4 Nb5 31. Nxb5 axb5 32. Re2 c4 33. Be1 Rb3 34. Kg2 Nc5 35.
Bc3 Nd3 36. Qd2 b4 37. Bxg7 Kxg7 38. Kg3 Qd8 39. Qe3 Qf6 40. g5 Qe7 41. Qd4+ Kg8
42. Ra7 Qd8 43. Qxc4 Nc5 44. Kg2 Qb6 45. Ra1 Rd3 46. Rae1 Ra8 47. e5 dxe5 48.
fxe5 b3 49. d6 Ra4 50. Qc1 Ne6 51. Re4 Rad4 52. R1e2 Qb4 53. Kg3 Kg7 54. h4 Rxe4 0-1

[Event "exe Slovakia Open 2025"]
[Site "Bratislava SVK"]
[Date "2025.09.17"]
[Round "5.51"]
[White "Staub, Tom"]
[Black "Korenova, Simona"]
[Result "1-0"]
[WhiteElo "1772"]
[BlackElo "1905"]
[WhiteFideId "34674713"]
[BlackFideId "14941813"]
[EventDate "2025.09.13"]

1. e4 c5 2. Nf3 d6 3. Bb5+ Bd7 4. Bxd7+ Qxd7 5. O-O Nc6 6. c3 Nf6 7. Re1 e6 8.
d4 cxd4 9. cxd4 d5 10. e5 Ne4 11. a3 Be7 12. Nbd2 Nxd2 13. Bxd2 O-O 14. h4 b5
15. h5 h6 16. g4 Qd8 17. Rc1 Rc8 18. Re3 b4 19. axb4 Nxb4 20. Rec3 Qd7 21. g5
hxg5 22. Nxg5 f6 23. exf6 gxf6 24. Nh3 Kh7 25. Nf4 Rg8+ 26. Ng6 Bd6 27. Qf3 f5
28. Bf4 Rxc3 29. Rxc3 Nc6 30. Qe3 Ne7 31. Bxd6 Qxd6 32. Qh3 Rg7 33. Rg3 Qb4 34.
Nf8+ Kh8 35. Rxg7 Qe1+ 36. Qf1 Qxf1+ 37. Kxf1 Kxg7 38. Nxe6+ Kh6 39. Ke2 Kxh5
40. Kf3 Ng6 41. Nf4+ Kg5 42. Nxg6 Kxg6 43. Kf4 Kf6 44. b4 a6 45. f3 Ke6 46. Kg5
Kd6 47. Kxf5 Kc6 48. Ke5 Kb5 49. f4 Kxb4 50. f5 1-0

[Event "exe Slovakia Open 2025"]
[Site "Bratislava SVK"]
[Date "2025.09.17"]
[Round "5.52"]
[White "Vasko, Matej"]
[Black "Jursa, Juraj"]
[Result "0-1"]
[WhiteElo "1926"]
[BlackElo "1756"]
[WhiteFideId "14969360"]
[BlackFideId "73619256"]
[EventDate "2025.09.13"]

1. e4 e5 2. Nf3 Nf6 3. Nxe5 d6 4. Nf3 Nxe4 5. c4 Be7 6. Be2 O-O 7. O-O Nc6 8. d4
Bf6 9. Nc3 Bf5 10. Nd5 Re8 11. Be3 h6 12. Qb3 Rb8 13. Rfe1 Ne7 14. Nxf6+ Nxf6
15. Qa3 a6 16. Rac1 d5 17. c5 Nc6 18. b4 Re6 19. Qb2 Qe7 20. Bf1 Ng4 21. Qc3
Nxe3 22. fxe3 Re8 23. Kf2 Be4 24. Nd2 Qf6+ 25. Kg1 Bg6 26. Nf3 Bh5 27. Rc2 Bxf3
28. Rf2 Nxd4 29. exd4 Rxe1 30. Rxf3 Qg5 31. a4 R1e3 32. Rxe3 Qxe3+ 33. Qxe3 Rxe3
34. c6 b5 35. Bxb5 axb5 36. axb5 Rb3 37. b6 cxb6 38. c7 Rc3 39. c8=N Rxc8 0-1

[Event "exe Slovakia Open 2025"]
[Site "Bratislava SVK"]
[Date "2025.09.17"]
[Round "5.53"]
[White "Thornley, Oliver"]
[Black "Bartolome Martin, Angel"]
[Result "1/2-1/2"]
[WhiteElo "1731"]
[BlackElo "1919"]
[WhiteFideId "445916"]
[BlackFideId "24527823"]
[EventDate "2025.09.13"]

1. f4 c5 2. Nf3 Nc6 3. e3 g6 4. Bb5 Bg7 5. Bxc6 bxc6 6. O-O Ba6 7. d3 c4 8. Ne5
cxd3 9. cxd3 Qb8 10. Qf3 Bb7 11. Bd2 d6 12. Nc4 c5 13. Qf2 Nf6 14. Bc3 Qc7 15.
h3 Rb8 16. Nbd2 O-O 17. e4 Nd7 18. Bxg7 Kxg7 19. Qh4 Nb6 20. f5 f6 21. fxg6 hxg6
22. Qg3 Nxc4 23. dxc4 Bc6 24. b3 Rh8 25. Rf4 Rbg8 26. Raf1 Kf7 27. Nf3 Ke8 28.
Rg4 g5 29. Qf2 Kd8 30. h4 Bd7 31. Rg3 g4 32. Nh2 Rxh4 33. Qf4 Qc8 34. Rd1 Kc7
35. Nf1 Qf8 36. Ne3 Qh6 37. Nd5+ Kd8 38. Qxh6 Rxh6 39. b4 cxb4 40. Nxb4 a5 41.
Nd5 Rgh8 42. Kf2 Rh1 43. Rd2 Rc1 44. Ra3 a4 45. Rb2 Rxc4 46. Rb8+ Rc8 47. Rxc8+
Bxc8 48. Rxa4 Bd7 49. Ra3 Kc8 1/2-1/2

[Event "exe Slovakia Open 2025"]
[Site "Bratislava SVK"]
[Date "2025.09.17"]
[Round "5.55"]
[White "Janovicek, Lukas"]
[Black "Havalda, Samuel"]
[Result "0-1"]
[WhiteElo "1836"]
[BlackElo "1963"]
[WhiteFideId "14975831"]
[BlackFideId "14955490"]
[EventDate "2025.09.13"]

1. e4 e5 2. Nf3 Nc6 3. Bc4 Nf6 4. d3 Bc5 5. Nc3 d6 6. h3 Ne7 7. d4 exd4 8. Nxd4
Ng6 9. Be3 Bb4 10. Bd3 Qe7 11. Bg5 h6 12. Bxf6 Qxf6 13. Ne2 Nh4 14. O-O Bxh3 15.
gxh3 Qf3 16. Nf4 Qxf4 17. Qg4 Qxg4+ 18. hxg4 Bxc3 19. bxc3 h5 20. gxh5 Rxh5 21.
f4 Ng6 22. Kg2 Ke7 23. Rab1 b6 24. Be2 Rh4 25. Kg3 Rah8 26. f5 Ne5 27. Bd3 Rh2
28. Rbd1 R8h3+ 29. Kf4 Rg2 30. Rde1 Rg4# 0-1

[Event "exe Slovakia Open 2025"]
[Site "Bratislava SVK"]
[Date "2025.09.17"]
[Round "5.56"]
[White "Benci, Jozef"]
[Black "Prochazka, Michal"]
[Result "1-0"]
[WhiteElo "1960"]
[BlackElo "1764"]
[WhiteFideId "14967596"]
[BlackFideId "14975777"]
[EventDate "2025.09.13"]

1. e4 c5 2. Nf3 d6 3. d4 cxd4 4. Nxd4 Nf6 5. Nc3 g6 6. Be3 Bg7 7. f3 O-O 8. Qd2
Nc6 9. g4 Bd7 10. h4 h5 11. gxh5 Nxh5 12. O-O-O Rc8 13. Rg1 Ne5 14. f4 Rxc3 15.
fxe5 Rxe3 16. Qxe3 Bxe5 17. Kb1 Qb6 18. Bc4 Kh7 19. c3 Bc6 20. Rdf1 Nf6 21. Bd3
Qc5 22. Rg5 Rg8 23. h5 gxh5 24. Rxf6 Rxg5 25. Qxg5 exf6 26. Qxh5+ Kg8 27. Qg4+
Kf8 28. Nf5 Ba4 29. Qg7+ Ke8 30. Qg8+ Kd7 31. Qxf7+ Kc8 32. Qg8+ Kc7 33. Ne7 Kd7
34. Nd5 a6 35. Qg7+ Kd8 36. Qf8+ Kd7 37. Qg7+ Kd8 38. Be2 b5 39. Qf8+ Kd7 40.
Bg4+ Kc6 41. Qc8# 1-0

[Event "exe Slovakia Open 2025"]
[Site "Bratislava SVK"]
[Date "2025.09.17"]
[Round "5.57"]
[White "Sipka, Mladen"]
[Black "Molnar, Sviatoslav"]
[Result "1-0"]
[WhiteElo "1954"]
[BlackElo "1740"]
[WhiteFideId "911976"]
[BlackFideId "14974185"]
[EventDate "2025.09.13"]

1. d4 d5 2. Bf4 c5 3. e3 Nc6 4. c3 Nf6 5. Nd2 e6 6. Ngf3 Bd6 7. Bg3 O-O 8. Ne5
Qc7 9. f4 b6 10. Bd3 Bb7 11. Ndf3 Ne4 12. O-O f6 13. Ng4 Ne7 14. Nf2 Nf5 15. Re1
Nfxg3 16. hxg3 Nxg3 17. Qc2 f5 18. Nh3 c4 19. Qf2 Ne4 20. Bxe4 fxe4 21. Ne5 Bxe5
22. dxe5 Bc6 23. Qh4 Qd8 24. Qg4 Qe8 25. Kf2 Bd7 26. Rh1 h6 27. Ke2 Qf7 28. Nf2
Qf5 29. Qh4 Kf7 30. Rad1 Rh8 31. g4 Qg6 32. f5 exf5 33. Rxd5 Qe6 34. Rhd1 Rad8
35. gxf5 Qxf5 36. e6+ Qxe6 37. Qf4+ Kg8 38. Qc7 Rf8 39. Qxd7 Qf6 40. Rf1 Qf3+
41. Kd2 Kh7 42. Ke1 1-0

[Event "exe Slovakia Open 2025"]
[Site "Bratislava SVK"]
[Date "2025.09.17"]
[Round "5.58"]
[White "Petrik, Matus"]
[Black "Kopia, Julian"]
[Result "0-1"]
[WhiteElo "1902"]
[BlackElo "1800"]
[WhiteFideId "266400"]
[BlackFideId "41806417"]
[EventDate "2025.09.13"]

1. e4 c5 2. c3 d5 3. exd5 Qxd5 4. d4 Nf6 5. Nf3 e6 6. Bd3 Nc6 7. O-O cxd4 8.
cxd4 Be7 9. Nc3 Qd6 10. Nb5 Qd8 11. Bf4 Nd5 12. Bg3 a6 13. Nc3 O-O 14. Rc1 Nxc3
15. bxc3 Bf6 16. Re1 b5 17. Be4 Bb7 18. Ne5 Na5 19. Bb1 Bd5 20. Qd3 g6 21. Bf4
Bg7 22. Qg3 Rc8 23. Ng4 Nc4 24. h4 Na3 25. Bd6 Nxb1 26. Bxf8 Nxc3 27. Ba3 b4 28.
Bb2 Bxd4 29. Nh6+ Kg7 30. Qf4 e5 31. Rxe5 Bxe5 32. Qxe5+ f6 33. Qe3 Qc7 34. Ng4
Qf7 35. Re1 Rc6 36. Bc1 Re6 37. Qh6+ Kh8 38. Ne3 Bxa2 39. Bd2 a5 40. Bxc3 bxc3
41. Ra1 Rc6 42. Nc2 Rc8 43. Qf4 Bb3 44. Rc1 a4 0-1

[Event "exe Slovakia Open 2025"]
[Site "Bratislava SVK"]
[Date "2025.09.17"]
[Round "5.59"]
[White "Jancura, Andrej"]
[Black "Bednar, Daniel"]
[Result "1/2-1/2"]
[WhiteElo "1852"]
[BlackElo "1764"]
[WhiteFideId "14923629"]
[BlackFideId "14989620"]
[EventDate "2025.09.13"]

1. c4 Nf6 2. g3 g6 3. Bg2 Bg7 4. Nf3 c5 5. O-O Nc6 6. Nc3 O-O 7. a3 d6 8. e4 a6
9. d3 Bd7 10. Rb1 Ne8 11. Bd2 Nc7 12. Nd5 b5 13. Nb6 Rb8 14. Nxd7 Qxd7 15. Qc1
Ne6 16. Bh3 Qc7 17. Bc3 Ned4 18. Bxd4 Nxd4 19. Nxd4 Bxd4 20. b3 Rb6 21. Bg4 Rfb8
22. Bd1 bxc4 23. dxc4 e5 24. Bc2 R6b7 25. Kg2 Qa5 26. Rd1 Rf8 27. a4 Kg7 28. Qd2
Qxd2 29. Rxd2 a5 30. g4 f6 31. h4 Rh8 32. Rh1 h5 33. gxh5 Rxh5 34. Rd3 Kf8 35.
Bd1 Rh6 36. Rg3 Rbh7 37. Rg4 g5 38. f3 gxh4 39. Rh3 Rg7 40. Be2 Rxg4+ 41. fxg4
Kg7 42. Rd3 Kg6 43. Kh3 1/2-1/2

[Event "exe Slovakia Open 2025"]
[Site "Bratislava SVK"]
[Date "2025.09.17"]
[Round "5.60"]
[White "Srnak, Martin"]
[Black "Povysil, Peter"]
[Result "1-0"]
[WhiteElo "1671"]
[BlackElo "1853"]
[WhiteFideId "14973308"]
[BlackFideId "14908344"]
[EventDate "2025.09.13"]

1. Nf3 d5 2. d4 Nf6 3. c4 c6 4. e3 e6 5. Nc3 Nbd7 6. a3 Bd6 7. b4 O-O 8. Bd3 Qe7
9. O-O dxc4 10. Bxc4 e5 11. d5 Nb6 12. Bb3 e4 13. Nd4 Qe5 14. g3 Bg4 15. Qd2
Nbxd5 16. Nxd5 Nxd5 17. b5 c5 18. Ne2 Nf6 19. Nf4 Rad8 20. Bb2 Qf5 21. Bxf6 Qxf6
22. Qa5 Bxf4 23. exf4 Bf3 24. h3 g5 25. fxg5 Qxg5 26. Bd1 Qf5 27. Bxf3 Qxf3 28.
Qxa7 Rd5 29. Qxb7 Rfd8 30. Qe7 Kh8 31. Rae1 Rd4 32. Re3 1-0

[Event "exe Slovakia Open 2025"]
[Site "Bratislava SVK"]
[Date "2025.09.17"]
[Round "5.61"]
[White "Gonda, Jan"]
[Black "Krivosik, Matus"]
[Result "1/2-1/2"]
[WhiteElo "1703"]
[BlackElo "1838"]
[WhiteFideId "14910489"]
[BlackFideId "73619671"]
[EventDate "2025.09.13"]

1. d4 d5 2. Bf4 c5 3. e3 Nc6 4. c3 Qb6 5. Qb3 Qxb3 6. axb3 cxd4 7. exd4 Bf5 8.
Nf3 e6 9. Nbd2 h6 10. Bb5 Ne7 11. O-O a6 12. Be2 g5 13. Bg3 Bg7 14. h3 O-O 15.
Ne1 e5 16. dxe5 Nxe5 17. f4 N5c6 18. fxg5 hxg5 19. Bd3 Bxd3 20. Nxd3 d4 21. c4
f5 22. Bf2 f4 23. Nf3 Rf5 24. Rfe1 Rd8 25. Re4 Bf6 26. Rd1 Kf7 27. Nc1 d3 28.
Bb6 d2 29. Ne2 Rd3 30. Ned4 Nxd4 31. Nxd4 Re5 32. Rxe5 Bxe5 33. Nf3 Bxb2 34.
Nxg5+ Kf6 35. Ne4+ Kf5 36. Nc5 Rd6 37. Na4 Bc1 38. Kf2 Ng8 39. Ba5 Nf6 40. Nc3
Rd3 41. Na2 Ne4+ 42. Kg1 Ba3 43. b4 Bb2 44. b5 Bd4+ 45. Kh2 Nf2 46. Rxd2 Ra3 47.
Bb4 Rd3 48. Rxd3 Nxd3 49. bxa6 bxa6 1/2-1/2

[Event "exe Slovakia Open 2025"]
[Site "Bratislava SVK"]
[Date "2025.09.17"]
[Round "5.62"]
[White "Zhanybekov, Alisher"]
[Black "Kebis, Milos"]
[Result "1-0"]
[WhiteElo "1630"]
[BlackElo "1806"]
[WhiteFideId "447013397"]
[BlackFideId "14901471"]
[EventDate "2025.09.13"]

1. e4 e5 2. Nf3 Nc6 3. Bc4 Nf6 4. Qe2 h6 5. d4 d6 6. dxe5 dxe5 7. Nc3 Bb4 8. Bd2
O-O 9. O-O-O Bg4 10. Bxh6 Nd4 11. Qe3 Nh7 12. Nxd4 Bxd1 13. Qg3 g6 14. Qxg6+ 1-0

[Event "exe Slovakia Open 2025"]
[Site "Bratislava SVK"]
[Date "2025.09.17"]
[Round "5.64"]
[White "Buday, Alexander"]
[Black "Munk, Lubomir"]
[Result "1-0"]
[WhiteElo "1595"]
[BlackElo "1769"]
[WhiteFideId "14971666"]
[BlackFideId "14903806"]
[EventDate "2025.09.13"]

1. e4 d6 2. d4 Nf6 3. Nc3 g6 4. f4 Bg7 5. Nf3 Bg4 6. h3 Bxf3 7. Qxf3 Nc6 8. Be3
e5 9. fxe5 dxe5 10. d5 Nd4 11. Bxd4 exd4 12. Bb5+ Nd7 13. O-O O-O 14. Ne2 Ne5
15. Qf2 c6 16. dxc6 bxc6 17. Bd3 c5 18. b3 a5 19. a4 Rb8 20. Rad1 Rb6 21. Qg3 h5
22. Kh1 h4 23. Qe1 Rd6 24. Ng1 g5 25. Nf3 Ng6 26. e5 Re6 27. Bf5 Re7 28. e6 Nf4
29. Nxg5 Nxe6 30. Nxe6 fxe6 31. Bxe6+ Kh7 32. Qe4+ Kh6 33. Qxh4+ Kg6 34. Qg4+
Kh7 35. Qh5+ Bh6 36. Bf5+ Rxf5 37. Qxf5+ Kh8 38. Qf6+ Bg7 39. Qh4+ Kg8 40. Rde1
Re8 41. Qxd8 Rxd8 42. Rf5 Rc8 43. Re2 Bh6 44. g4 Be3 45. h4 Kg7 46. h5 Kh6 47.
Kg2 Rc6 48. Kf3 Bg5 49. Ke4 Be7 50. Kd5 Rd6+ 51. Kc4 Rd7 52. Rf7 d3 53. cxd3
Rd4+ 54. Kc3 Bh4 55. Re6+ Kg5 56. Rg6# 1-0

[Event "exe Slovakia Open 2025"]
[Site "Bratislava SVK"]
[Date "2025.09.17"]
[Round "5.66"]
[White "Orlov, Konstantin"]
[Black "Macakova, Bianka"]
[Result "1/2-1/2"]
[WhiteElo "1785"]
[BlackElo "1637"]
[WhiteFideId "1681575"]
[BlackFideId "14982846"]
[EventDate "2025.09.13"]

1. d4 c5 2. d5 Nf6 3. c4 b5 4. cxb5 a6 5. bxa6 Bxa6 6. Nc3 d6 7. e4 Bxf1 8. Kxf1
g6 9. g3 Bg7 10. Kg2 O-O 11. Nf3 Nbd7 12. Qe2 Qb6 13. a4 Rfc8 14. Nb5 c4 15. Be3
Qa6 16. Bd4 Nc5 17. Nd2 Nb3 18. Nxb3 cxb3 19. Qd3 Nd7 20. Bxg7 Kxg7 21. Qxb3 Nc5
22. Qe3 Nxa4 23. Nc3 Qc4 24. Nxa4 Rxa4 25. Rxa4 Qxa4 26. e5 Qc4 27. Rd1 Rc5 28.
exd6 Rxd5 29. dxe7 Rxd1 30. e8=Q Qf1+ 31. Kf3 Rd3 32. Qe5+ Kg8 33. Qxd3 Qxd3+
34. Kg2 Qb3 35. Qd4 h5 36. h4 Qb7+ 37. Kh2 Qb3 38. Qc3 Qb6 39. Kg1 Qa6 40. b4
Kh7 41. Qc5 Qa1+ 42. Kh2 Qb1 43. b5 Qb2 44. b6 Kg7 45. Kg2 Kh7 46. Qc7 Qe2 47.
Qxf7+ Kh8 48. Qxg6 Qxf2+ 49. Kxf2 1/2-1/2

[Event "exe Slovakia Open 2025"]
[Site "Bratislava SVK"]
[Date "2025.09.17"]
[Round "5.67"]
[White "Rexova, Kristina"]
[Black "Deak, Gabriel"]
[Result "0-1"]
[WhiteElo "1559"]
[BlackElo "1956"]
[WhiteFideId "14987449"]
[BlackFideId "14906295"]
[EventDate "2025.09.13"]

1. Nf3 Nf6 2. d4 d5 3. Bf4 c5 4. c3 cxd4 5. cxd4 Nc6 6. e3 e6 7. Be2 Be7 8. O-O
O-O 9. Nbd2 Nh5 10. Bg3 Nxg3 11. hxg3 Bf6 12. Rc1 Re8 13. Qc2 h6 14. Nb3 Be7 15.
a3 Bd6 16. Bb5 Bd7 17. Nc5 Bc8 18. Qa4 Bxc5 19. Bxc6 bxc6 20. Qxc6 Ba6 21. Qxa6
Bb6 22. Rc2 f6 23. Rfc1 Qd7 24. Rc6 e5 25. dxe5 fxe5 26. a4 d4 27. a5 Bd8 28.
exd4 e4 29. Rd6 Qf5 30. Ne5 Bg5 31. f4 exf3 32. Qc4+ Kh7 33. Rf1 Be3+ 0-1

[Event "exe Slovakia Open 2025"]
[Site "Bratislava SVK"]
[Date "2025.09.17"]
[Round "5.68"]
[White "Dubnicka, Ferdinand"]
[Black "Malanik, Jakub"]
[Result "0-1"]
[WhiteElo "1533"]
[BlackElo "1500"]
[WhiteFideId "14944057"]
[BlackFideId "14994240"]
[EventDate "2025.09.13"]

1. Nf3 d5 2. d4 Nc6 3. Nc3 Bf5 4. a3 e6 5. Bf4 Nf6 6. e3 Bd6 7. Ne5 Bxe5 8. dxe5
Nd7 9. Bb5 O-O 10. Bxc6 bxc6 11. O-O c5 12. Ne2 f6 13. exf6 Rxf6 14. c3 c6 15.
Bg5 Qf8 16. Bxf6 Qxf6 17. Ng3 Bg6 18. Qa4 Ne5 19. f4 Ng4 20. Qxc6 Rf8 21. Qxc5
Qh4 22. Rf3 Qxh2+ 23. Kf1 Bd3+ 24. Ke1 Qxg2 25. Rf1 Qxg3+ 26. Kd2 Bxf1 27. Rxf1
Qg2+ 28. Ke1 Ne5 29. Qxf8+ Kxf8 30. fxe5+ Ke7 31. Rf2 Qg3 32. Ke2 h5 33. Rf3 Qg4
34. Kf2 h4 35. Rf4 Qg3+ 36. Ke2 h3 37. Kd3 Qxf4 38. exf4 h2 39. b4 h1=Q 40. Kd4
Qe4+ 41. Kc5 Qc4# 0-1

[Event "exe Slovakia Open 2025"]
[Site "Bratislava SVK"]
[Date "2025.09.18"]
[Round "6.1"]
[White "Sahidi, Samir"]
[Black "Shohat, Yotam"]
[Result "1/2-1/2"]
[WhiteTitle "IM"]
[BlackTitle "IM"]
[WhiteElo "2469"]
[BlackElo "2382"]
[WhiteFideId "14936372"]
[BlackFideId "2813955"]
[EventDate "2025.09.13"]

1. d4 d5 2. Nf3 Nf6 3. c4 dxc4 4. e3 e6 5. Bxc4 a6 6. O-O c5 7. dxc5 Bxc5 8.
Qxd8+ Kxd8 9. Nbd2 Ke7 10. Nb3 Bd6 11. Rd1 b6 12. Bd2 Bb7 13. Rac1 Nc6 14. Be2
Rac8 15. Be1 Rhd8 16. Nfd2 Ne5 17. f3 Nd5 18. Nf1 Rxc1 19. Rxc1 Rc8 20. Rxc8
Bxc8 21. Bd2 b5 22. e4 Nb6 23. Ne3 Nc6 24. Nd1 e5 25. Be3 Nc4 26. Bf2 Be6 27.
Nc5 Nd4 28. Nxe6 Nxe2+ 29. Kf1 Ng3+ 30. hxg3 Kxe6 31. g4 Na5 32. Nc3 Nc6 33. a4
bxa4 34. Nxa4 Nb4 35. Ke2 Kd7 36. Be1 Kc6 37. Bxb4 Bxb4 38. Kd3 Bc5 39. Kc4 Bd4
40. Kb4 f6 41. b3 g6 42. Ka5 Kb7 43. b4 h5 44. b5 axb5 45. Kxb5 hxg4 46. fxg4 g5
47. Kb4 Kc6 48. Kc4 Kd6 49. Kb5 Kd7 50. Kb4 Kc6 51. Kc4 Kd6 52. Kb5 Kd7 53. Nb6+
Bxb6 54. Kxb6 Kd6 55. Kb5 Kd7 56. Kc5 Kc7 57. Kd5 Kd7 58. Kc5 Kc7 59. Kd5 Kd7
60. Kc5 1/2-1/2

[Event "exe Slovakia Open 2025"]
[Site "Bratislava SVK"]
[Date "2025.09.18"]
[Round "6.2"]
[White "Yaniv, Yuval"]
[Black "Heberla, Bartlomiej"]
[Result "0-1"]
[WhiteTitle "IM"]
[BlackTitle "GM"]
[WhiteElo "2410"]
[BlackElo "2502"]
[WhiteFideId "2823900"]
[BlackFideId "1115120"]
[EventDate "2025.09.13"]

1. e4 c5 2. Nf3 g6 3. d4 cxd4 4. Nxd4 Bg7 5. Nc3 Nc6 6. Be3 Nf6 7. Nxc6 bxc6 8.
e5 Ng8 9. Bd4 Qa5 10. f4 f6 11. Qd2 fxe5 12. fxe5 c5 13. Bf2 Bxe5 14. Bc4 Nf6
15. O-O Ba6 16. Ne4 Qxd2 17. Nxd2 Bxc4 18. Nxc4 Bd4 19. Bxd4 cxd4 20. Nd6+ exd6
21. Rxf6 Rc8 22. Rc1 Ke7 23. Rf4 Rc4 24. b3 Rc3 25. Re4+ Kd8 26. Rxd4 Re8 27.
Kf2 Kc7 28. Rd3 Rc5 29. c4 Rf8+ 30. Ke2 Rh5 31. h3 Rg5 32. g4 Re5+ 33. Re3 Rf4
34. Re1 Ra5 35. a4 d5 36. Re5 Kd6 37. Kd2 Rc5 38. cxd5 Rd4+ 0-1

[Event "exe Slovakia Open 2025"]
[Site "Bratislava SVK"]
[Date "2025.09.18"]
[Round "6.4"]
[White "Koepke, Christian"]
[Black "Beliavsky, Alexander G"]
[Result "1-0"]
[WhiteTitle "IM"]
[BlackTitle "GM"]
[WhiteElo "2331"]
[BlackElo "2453"]
[WhiteFideId "4655737"]
[BlackFideId "14602377"]
[EventDate "2025.09.13"]

1. e4 d6 2. d4 Nf6 3. Nc3 g6 4. Bc4 Bg7 5. Qe2 e5 6. dxe5 dxe5 7. Nf3 Qe7 8. O-O
c6 9. a4 Nh5 10. g3 a5 11. Rd1 Na6 12. Be3 O-O 13. Rd2 Nc5 14. Rad1 Nf6 15. Ng5
Ne6 16. Nxe6 Bxe6 17. Bxe6 Qxe6 18. Rd6 Qh3 19. Bg5 Nh5 20. Rd7 Rab8 21. R1d3
Qe6 22. R3d6 Qh3 23. Rd3 Qe6 24. Be7 Rfe8 25. Kg2 Rec8 26. Qf3 Qc4 27. b3 Qa6
28. R3d6 Qa8 29. Nd1 Re8 30. Rd3 Rbc8 31. R3d6 Qb8 32. Rd3 f5 33. exf5 Rc7 34.
fxg6 hxg6 35. Rd8 Rc8 36. R8d7 Rc7 37. Qg4 Kh8 38. Qe6 Nf6 39. Qh3+ 1-0

[Event "exe Slovakia Open 2025"]
[Site "Bratislava SVK"]
[Date "2025.09.18"]
[Round "6.5"]
[White "Koelber, Daniel"]
[Black "Hrbek, Stepan"]
[Result "0-1"]
[BlackTitle "IM"]
[WhiteElo "2270"]
[BlackElo "2446"]
[WhiteFideId "1643380"]
[BlackFideId "393479"]
[EventDate "2025.09.13"]

1. e4 c5 2. Nf3 Nc6 3. d4 cxd4 4. Nxd4 e5 5. Nb5 d6 6. N1c3 a6 7. Na3 Be6 8. Nc4
Rb8 9. Be2 Be7 10. O-O Nf6 11. Bg5 O-O 12. Bxf6 Bxf6 13. Ne3 Bg5 14. Ned5 b5 15.
a3 Nd4 16. Bd3 Qd7 17. Ne2 Bxd5 18. exd5 Nxe2+ 19. Qxe2 f5 20. f3 Qb7 21. f4
Qb6+ 22. Kh1 exf4 23. Qh5 Qd8 24. h4 Bf6 25. Qxf5 g6 26. Qe6+ Kg7 27. Rxf4 Be5
28. Rxf8 Qxh4+ 29. Qh3 Qxh3+ 30. gxh3 Rxf8 31. a4 Rf3 32. axb5 Rxh3+ 33. Kg2
Rh2+ 34. Kg1 axb5 35. Ra7+ Kf6 36. Rb7 h5 37. Rxb5 g5 38. Rb8 Rh4 39. Rg8 Bf4
40. Rh8 Rh3 41. Rg8 h4 42. Rh8 Rh2 43. Kf1 Bg3 44. Rh7 g4 45. Rh8 h3 46. Rh7 Rd2
47. Be2 h2 48. Rh6+ Kg5 49. Rh8 Bh4 50. Rg8+ 0-1

[Event "exe Slovakia Open 2025"]
[Site "Bratislava SVK"]
[Date "2025.09.18"]
[Round "6.6"]
[White "Pavlovic, Milos"]
[Black "Elias, David"]
[Result "1/2-1/2"]
[WhiteTitle "GM"]
[BlackTitle "FM"]
[WhiteElo "2409"]
[BlackElo "2329"]
[WhiteFideId "900389"]
[BlackFideId "14960141"]
[EventDate "2025.09.13"]

1. d4 d5 2. c4 e6 3. Nf3 Nf6 4. Nc3 Be7 5. Bf4 O-O 6. a3 c5 7. dxc5 Bxc5 8. e3
Nc6 9. cxd5 exd5 10. Be2 h6 11. O-O Be6 12. Rc1 Qe7 13. Na4 Bd6 14. Bxd6 Qxd6
15. Nc5 Rab8 16. Qa4 Rfc8 17. h3 Nd7 18. Nxd7 Bxd7 19. Rfd1 a6 20. Qb3 Be6 21.
Qd3 Ne5 22. Qd4 Nc6 23. Qd2 Ne5 24. Rc3 Rxc3 25. Qxc3 Nc6 26. b4 Rc8 27. Qb2 Qe7
28. Rc1 Qd6 29. Rc5 a5 30. Nd4 axb4 31. axb4 b6 32. Rxc6 Rxc6 33. Nxc6 Qxc6 34.
Bd3 Qc7 35. Qd4 f6 36. Bg6 Kf8 1/2-1/2

[Event "exe Slovakia Open 2025"]
[Site "Bratislava SVK"]
[Date "2025.09.18"]
[Round "6.7"]
[White "Dalgar, Hakki Berat"]
[Black "Zielonka, Adam"]
[Result "0-1"]
[WhiteTitle "CM"]
[BlackTitle "FM"]
[WhiteElo "1979"]
[BlackElo "2351"]
[WhiteFideId "6347444"]
[BlackFideId "21002096"]
[EventDate "2025.09.13"]

1. d4 Nf6 2. Bg5 e6 3. e4 h6 4. Bxf6 Qxf6 5. c3 c5 6. d5 exd5 7. exd5 g6 8. Bd3
Bg7 9. Nf3 O-O 10. O-O d6 11. Nbd2 Qd8 12. a4 Nd7 13. Ne4 Ne5 14. Nxe5 dxe5 15.
Nxc5 Qxd5 16. b4 f5 17. Qe2 Kh7 18. Bc4 Qd6 19. Rfd1 Qe7 20. Bd5 Rb8 21. a5 e4
22. Qe3 Qe5 23. c4 Re8 24. Ra3 b6 25. axb6 axb6 26. Nb3 f4 27. Qe2 Qg5 28. Nd2
Bg4 29. Qe1 Bxd1 30. Qxd1 e3 31. Ne4 exf2+ 32. Kxf2 Qe7 33. Rh3 Rbd8 34. Kf3 b5
35. c5 Qe5 36. Nd6 0-1

[Event "exe Slovakia Open 2025"]
[Site "Bratislava SVK"]
[Date "2025.09.18"]
[Round "6.8"]
[White "Pacher, Milan"]
[Black "Brnusak, Tomas"]
[Result "1/2-1/2"]
[WhiteTitle "GM"]
[WhiteElo "2392"]
[BlackElo "2245"]
[WhiteFideId "14907445"]
[BlackFideId "14939878"]
[EventDate "2025.09.13"]

1. e4 e5 2. Nf3 Nc6 3. Bc4 Nf6 4. d3 h6 5. O-O d6 6. c3 g5 7. Re1 g4 8. Nfd2 h5
9. Nf1 Be6 10. Bxe6 fxe6 11. Qb3 Qc8 12. Na3 b6 13. d4 Qd7 14. Bg5 Bg7 15. Rad1
O-O-O 16. Nc4 Rdf8 17. dxe5 Nh7 18. Bf6 Bxf6 19. exf6 e5 20. a4 Rxf6 21. a5 Nxa5
22. Nxa5 bxa5 23. Qd5 c6 24. Qxa5 Rhf8 25. Ne3 Ng5 26. Nc4 Qc7 27. Qa6+ Kb8 28.
Rd2 h4 29. b4 g3 30. f4 Rxf4 31. Nxd6 gxh2+ 32. Kh1 h3 33. Red1 hxg2+ 34. Rxg2
Nh3 35. b5 Nf2+ 36. Rxf2 Rxf2 37. bxc6 Qb6 38. Qc4 Rb2 39. Qd5 Rd8 40. Qxe5 Qc7
41. c4 Rb6 42. c5 Rxc6 43. Rb1+ Ka8 44. Qd5 a6 45. e5 Rb8 46. Rc1 Ka7 47. e6 Rd8
48. e7 Rdxd6 49. Qxd6 Rxd6 50. e8=Q Qc6+ 51. Qxc6 Rxc6 1/2-1/2